Statistics for Countries closest to the Equator

Click here to take the quiz!

General Stats

  • This quiz has been taken 44 times
    (24 since last reset)
  • The average score is 28 of 35

Answer Stats

LatitudeCountry% Correct
00°00'Brazil
100%
00°01'Peru
100%
00°40'Venezuela
95%
00°00'Colombia
90%
00°00'Democratic Republic of the Congo
90%
00°00'Ecuador
90%
00°00'Indonesia
90%
00°00'Kenya
90%
00°51'Malaysia
90%
00°59'Tanzania
90%
03°24'Ethiopia
86%
00°00'Gabon
86%
01°11'Guyana
86%
01°09'Singapore
86%
00°00'Somalia
86%
01°50'Suriname
86%
01°28'Equatorial Guinea
81%
00°00'Republic of the Congo
81%
01°39'Cameroon
76%
02°13'France
76%
04°17'Nigeria
76%
00°52'Papua New Guinea
76%
00°00'Uganda
76%
02°18'Burundi
71%
00°00'Maldives
71%
01°03'Rwanda
71%
02°13'Central African Republic
67%
00°00'Kiribati
67%
00°30'Nauru
67%
02°47'Palau
67%
00°00'São Tomé and Príncipe
62%
04°24'Angola
57%
04°00'Brunei
57%
03°43'Seychelles
57%
03°29'South Sudan
52%

Score Distribution

Percentile by Number Answered

Percent of People with Each Score

Your Score History

You have not taken this quiz since the last reset